A kelet-európai szabadidősport jövője

Elmentve itt :
Bibliográfiai részletek
Szerző: FÖLDESINÉ SZABÓ Gyöngyi
Adatforrás:Meister
Forrásdokumentuma:Korunk. -
5 sz., 1992, 15-20 p.
Nyelv:magyar
Kulcsszavak:sport
szabadidő
LEADER 00397nab a2200145 i 4500
001 bibPRO00002148
008 060524s1992 xx hun
040 |a Sz1 
041 |a hun 
100 1 |a FÖLDESINÉ SZABÓ Gyöngyi 
245 1 2 |a A kelet-európai szabadidősport jövője  |c FÖLDESINÉ SZABÓ Gyöngyi 
695 |a sport 
695 |a sport 
695 |a szabadidő 
773 0 |t Korunk. -  |g 5 sz., 1992, 15-20 p.